000 00406pab a2200157 454500
008 180718b1959 xxu||||| |||| 00| 0 eng d
100 _aFisher, Marguerite J.
245 _aAdministrative action against discrimination
260 _c1959
300 _ap.39-47.
362 _aJan-Mar
650 _aDiscrimination
773 _aIndian Journal of Public Administration
908 _aN
909 _a100537
999 _c100536
_d100536